Measurement of Inequality in Slovakia

Príjmová nerovnosť v rergiónoch Slovenska. Metodológia Tasritano použitím zovšeobecnenej kvantilovej Kappa funkcie. Gini, DeVergottini a Tarsitano index miery nerovnosti.

Salvato in:
Dettagli Bibliografici
Autore principale: Sipková, Ľubica, 1962-
Altri autori: Sipko, Juraj
Natura: Capitolo di libro
Lingua:inglese
Soggetti:
Tags: Aggiungi Tag
Nessun Tag, puoi essere il primo ad aggiungerne!!

MARC

LEADER 00000nla a2200000 4500
001 0200031
005 20240502083508.5
041 0 |a eng 
044 |a CZ 
245 1 0 |a Measurement of Inequality in Slovakia  |c Ľubica Sipková, Juraj Sipko 
520 |a Príjmová nerovnosť v rergiónoch Slovenska. Metodológia Tasritano použitím zovšeobecnenej kvantilovej Kappa funkcie. Gini, DeVergottini a Tarsitano index miery nerovnosti. 
610 2 0 |a nerovnosť dôchodková 
610 2 0 |a pravdepodobnosť 
610 2 0 |a mzdy hrubé 
610 2 0 |a príjmy obyvateľstva 
100 1 |a Sipková, Ľubica, 1962- 
700 1 |a Sipko, Juraj